00856nam a2200253Ia 450000500170000000800410001702000150005804100080007310000290008124500900011025000220020030000410022249000110026365000410027465000410031565000360035670000420039226400340043433600270046833700330049533800280052804000350055608400110059120220316235618.0121119s2002 ck gr 000 j spa  a95830093260 aspa1 aMacías, Luis Fernando 13aLa rana sin dientescLuis Fernando Macías ; ilustraciones, Jairo Linares Landínez aPrimera edición a124 páginas bilustracionesc21 cm0 aCorcel14aCuentos infantiles colombianos2LEMB14aLiteratura infantil colombiana2LEMB14aAnfibios en la literatura2LEMB1 aLinares Landínez, Jairoeilustrador aBogotá bPanamericanac2002 atextobtxt2rdacontent asin mediaciónbn2rdamedia avolumenbnc2rdacarrier aCO-BoRNBPbspaerdacCO-BoRNBP aC MAC7